| 000 | 00516nam a2200181Ia 4500 | ||
|---|---|---|---|
| 008 | 151018s9999 xx 000 0 und d | ||
| 082 |
_bRBASDV35242 _a891.433 |
||
| 100 | _aद्रोणवीर कोहली | ||
| 245 | _aनानी | ||
| 250 | _b2 | ||
| 260 |
_bकिताबहार _c2002 |
||
| 300 | _a356 | ||
| 600 | _aद्रोणवीर कोहली | ||
| 630 | _aनानी | ||
| 700 | _aद्रोणवीर कोहली | ||
| 730 | _aनानी | ||
| 942 | _cBOOK | ||
| 999 |
_c1034719 _d1034716 |
||